| 000 | 00882cam a22002771a 4500 | ||
|---|---|---|---|
| 999 |
_c6862 _d6862 |
||
| 001 | 9594351 | ||
| 003 | OSt | ||
| 005 | 20190121121523.0 | ||
| 008 | 890207s1899 mauc 000 0 eng | ||
| 010 | _a 99002660 | ||
| 035 | _a(OCoLC)19111902 | ||
| 040 |
_aDLC _cMiMarqN _dMiMarqN _dDLC |
||
| 042 | _apremarc | ||
| 050 | 0 | 0 |
_aBX7233.H265 _bC7 |
| 082 |
_a252 _bM478L |
||
| 100 | 1 | _aMcPherson, Aimee Semple | |
| 245 | 1 | 4 |
_aLost and restored / _cby Aimee Semple McPherson. |
| 260 |
_aBoston : _bPilgrim Press, _c1899. |
||
| 300 |
_a330 p., [1] leaf of plates : _bport. ; _c19 cm. |
||
| 530 | _aAlso available in digital form on the Internet Archive Web site. | ||
| 650 | 0 |
_aCongregational churches _xSermons. |
|
| 650 | 0 | _aSermons, American. | |
| 856 | 4 | 1 | _uhttp://hdl.loc.gov/loc.gdc/scd0001.00175248638 |
| 906 |
_a7 _bcbc _coclcrpl _du _encip _f18 _gy-gencatlg |
||
| 942 |
_2ddc _cBK |
||